=LDR 00000nam 2200000 4500 =001 NUTBA000000000000758 =005 20140401125955.0 =006 =007 =008 =020 ##$$a 978-602-00-0512-6 =035 ##$$a 0010-041400000000028 =082 ##$$a 813 =090 ##$$a 813 Lee Y =100 ##$$a Irina Gunawan =245 ##$$a Dia Yang Ingin Kamu Jadikan Teman Dan Yang Tidak =260 ##$$a Jakarta $b Elex Media $c 2011 =300 ##$$a 193 hlm $b ilus $c 22 cm =850 ##$$a NBPNMAT =990 ##$$a 92279/BPAP-NTB/2014